Central Library OPAC University of Rajshahi

Measurement in social work : (Record no. 51501)

MARC details
000 -LEADER
fixed length control field 00739nam a2200229 a 4500
001 - CONTROL NUMBER
control field 51501
003 - CONTROL NUMBER IDENTIFIER
rucl marc code BD-RjUL
005 - DATE AND TIME OF LATEST TRANSACTION
control field 20211209075653.0
008 - FIXED-LENGTH DATA ELEMENTS--GENERAL INFORMATION
fixed length control field 160831s1930 ch ||||| |||| 001 0 eng d
035 ## - SYSTEM CONTROL NUMBER
System control number (BD-RjUL) 51621
040 ## - CATALOGING SOURCE
Original cataloging agency BD-RjUL
Language of cataloging eng
Transcribing agency BD-RjUL
Modifying agency BD-RjUL
041 ## - LANGUAGE CODE
Language code of text/sound track or separate title eng
082 ## - DEWEY DECIMAL CLASSIFICATION NUMBER
Edition number 23
Classification number 361
Author mark and year MCM 1930
100 10 - MAIN ENTRY--PERSONAL NAME
Personal name A. W. McMillen
9 (RLIN) 153987
245 10 - TITLE STATEMENT
Title Measurement in social work :
Remainder of title a statistical problem in family and child welfare and allied fields /
Statement of responsibility, etc. A. W. McMillen
260 ## - PUBLICATION, DISTRIBUTION, ETC. (IMPRINT)
Place of publication, distribution, etc. Chicago :
Name of publisher, distributor, etc. The University of Chicago Press
Date of publication, distribution, etc. c1930
300 ## - PHYSICAL DESCRIPTION
Pagination xv, 154 p. ;
Size 23 cm.
490 ## - SERIES STATEMENT
Series statement Social Service Monographs.
Volume/sequential designation no. 12.
500 ## - GENERAL NOTE
General note Include index
856 ## - ELECTRONIC LOCATION AND ACCESS
Materials specified Social Service Monographs. no. 12.
942 ## - ADDED ENTRY ELEMENTS (KOHA)
Source of classification or shelving scheme Dewey Decimal Classification
Koha item type Books
Holdings
Lost status Source of classification or shelving scheme Damaged status Not for loan Collection code Permanent Location Current Location Shelving location Date acquired Source of acquisition Cost, normal purchase price Total Checkouts Full call number Date last seen Copy number Koha item type
  Dewey Decimal Classification     Non-fiction Central Library, University of Rajshahi Central Library, University of Rajshahi   20/05/1965 Asia foundation 0.00   361 MCM 1930 31/08/2016 C-2 Books